| 000 | 01486cam a22003734i 4500 | ||
|---|---|---|---|
| 003 | PE-LiUPU | ||
| 005 | 20250731183418.0 | ||
| 008 | 150625s r 000 0 d | ||
| 035 | _a(Sirsi) a34858 | ||
| 040 |
_aPE-LiUPU _bspa _cPE-LiUPU _erda |
||
| 082 | 0 | 4 |
_a780.92 _bL31 _221 |
| 100 | 1 |
_aLavagne, Andre, _eautor. |
|
| 245 | 1 | 0 |
_aChopin / _cAndré Lavagne ; [traducción del francés por Felipe Ximénez de Sandoval]. |
| 250 | _a4a | ||
| 264 | 1 |
_aMadrid : _bEspasa-calpe, _c1981. |
|
| 300 |
_a126 páginas ; _c16cm |
||
| 336 |
_atext _2rdacontent |
||
| 337 |
_aunmediated _2rdamedia |
||
| 338 |
_avolume _2rdacarrier |
||
| 505 | 0 | _aEl Mijo De Un Emigrado Loren. - Crearse Un Mundo Particular. - Los Salones De París. - El Pranc A La Fuerza. - La Realización De Una Obra Y De Una Vida. - Et Final De Un Gran Amor. | |
| 526 | _aP158 | ||
| 526 | _aP146 | ||
| 526 | _aP17 | ||
| 526 | _aP12 | ||
| 526 | _aP06 | ||
| 600 | 1 |
_aChopin, Fryderyk. _d1810-1849 |
|
| 700 | 1 |
_aXiménez de Sandoval, Felipe, _d1903-1978, _etraductor. |
|
| 910 | _a | ||
| 942 |
_2ddc _cBOOK |
||
| 949 |
_a780.92 C/ L31 _wDEWEY _c1 _i23126 _lCCODEBUL1 _mBUL _p00.00 _r0 _sY _tBOOK _u2015-06-25 _xBIBLIOTECA _zUNKNOWN _0COMPRA _o.STAFF. Colección General |
||
| 596 | _a1 | ||
| 999 |
_a780.92 C/ L31 _wDEWEY _c42760 _i23126 _d42760 _e2018-9-5 _f2021-11-9 _g5 _lCCODEBUL1 _mBUL _n2 _r0 _sY _tBOOK _u2015-6-25 _xEDUCACION _zUNKNOWN _0COMPRA _o.STAFF. Colección General |
||
| 980 |
_81 _gALBERTO SANCHEZ Responsable de Automatización |
||